000 00582nam a2200193 i 4500
001 23918
003 ES-MaACL
005 20230906152945.0
007 t|
008 021213m19201923fr ||||1| fre d
100 1 _aAnsiaux, Maurice.
_921839
245 1 0 _aTraité d'economie politique /
_cpar Maurice Ansiaux.
260 _aParís :
_bMarcel Giard,
_c1920-23 (
_eSaint Amand :
_fBussière)
300 _aVI, 390 p. ;
_c22 cm.
505 8 _aT. I: L'Organisation economique
740 2 _aL'Organisation economique.
852 _aES-MaACL
_jB-13640
852 _aES-MaACL
_jF-5520-21
999 _c23918
_d23918